[Event "Djakovo (Women) op"]
[Site "Djakovo"]
[Date "2014.01.11"]
[Round "2"]
[White "Sutic, Mirjana"]
[Black "Turk, Tajana"]
[Result "0-1"]
[WhiteElo "1714"]
[BlackElo "1978"]
[PlyCount "39"]
[EventDate "2014.01.11"]
[EventType "swiss"]
[EventRounds "5"]
[EventCountry "CRO"]
[SourceTitle "EXT 2016"]
[Source "ChessBase"]
[SourceDate "2015.10.08"]
[SourceVersion "1"]
[SourceVersionDate "2015.10.08"]
[SourceQuality "1"]

1. d4 Nf6 2. Nc3 g6 3. e3 Bg7 4. Bd3 0-0 5. Nf3 d5 6. 0-0 Nbd7 7. b3 c6 8. Ne2 Qc7 9. Ng3 c5 10. Bb2 c4 11. bxc4 dxc4 12. Be2 h5 13. c3 Nb6 14. Rc1 Ng4 15. h3 Nxe3 16. Qe1 Nxf1 17. Qxf1 Bd7 18. Re1 Rac8 19. Bd1 Nd5 20. Ne5 0-1